Normal view
MARC view
Entry Topical Term
001 - CONTROL NUMBER
- control field: 44127
003 - CONTROL NUMBER IDENTIFIER
- control field: ARRUPE
005 - DATE AND TIME OF LATEST TRANSACTION
- control field: 20190124095152.0
008 - FIXED-LENGTH DATA ELEMENTS
- fixed length control field: 190124|| aca||aabn | a|a d
040 ## - CATALOGING SOURCE
- Original cataloging agency: ARRUPE
- Transcribing agency: ARRUPE
150 ## - HEADING--TOPICAL TERM
- Topical term or geographic name as entry element: Seeds
- General subdivision: Collection and preservation.
670 ## - SOURCE DATA FOUND
- Source citation: Work cat.: (ARRUPE)0: Renfrew, Jane M. 44125, First aid for seeds /, [1976]